| 000 -LEADER |
| fixed length control field |
01231cam a2200361 a 4500 |
| 003 - CONTROL NUMBER IDENTIFIER |
| control field |
OSt |
| 005 - DATE AND TIME OF LATEST TRANSACTION |
| control field |
20220315152921.0 |
| 008 - FIXED-LENGTH DATA ELEMENTS--GENERAL INFORMATION |
| fixed length control field |
100706s2009 ii ab b 000 0 eng |
| 010 ## - LIBRARY OF CONGRESS CONTROL NUMBER |
| LC control number |
2010317940 |
| 020 ## - INTERNATIONAL STANDARD BOOK NUMBER |
| International Standard Book Number |
9788190852807 (pbk.) |
| 020 ## - INTERNATIONAL STANDARD BOOK NUMBER |
| International Standard Book Number |
8190852809 (pbk.) |
| 025 ## - OVERSEAS ACQUISITION NUMBER |
| Overseas acquisition number |
I-E-2010-317940; 17-91 |
| 035 ## - SYSTEM CONTROL NUMBER |
| System control number |
(OCoLC)ocn648101317 |
| 035 ## - SYSTEM CONTROL NUMBER |
| System control number |
(OCoLC)648101317 |
| 042 ## - AUTHENTICATION CODE |
| Authentication code |
lccopycat |
| -- |
lcode |
| 043 ## - GEOGRAPHIC AREA CODE |
| Geographic area code |
a-ii--- |
| 050 00 - LIBRARY OF CONGRESS CALL NUMBER |
| Classification number |
NA1508.N33 |
| Item number |
J35 2009 |
| 082 04 - DEWEY DECIMAL CLASSIFICATION NUMBER |
| Classification number |
623.109544 |
| Edition number |
22 |
| Item number |
JAI |
| 100 1# - MAIN ENTRY--PERSONAL NAME |
| Personal name |
Jain, Minakshi. |
| 245 10 - TITLE STATEMENT |
| Title |
Architecture of a royal camp : |
| Remainder of title |
[the retrieved fort of Nagaur] / |
| Statement of responsibility, etc |
Minakshi Jain, Kulbhushan Jain, Meghal Arya. |
| 260 ## - PUBLICATION, DISTRIBUTION, ETC. (IMPRINT) |
| Place of publication, distribution, etc |
Ahmedabad : |
| Name of publisher, distributor, etc |
AADI Centre, |
| Date of publication, distribution, etc |
2009. |
| 300 ## - PHYSICAL DESCRIPTION |
| Extent |
xi, 212 p. : |
| Other physical details |
ill. (chiefly col.), map ; |
| Dimensions |
28 cm. |
| 504 ## - BIBLIOGRAPHY, ETC. NOTE |
| Bibliography, etc |
Includes bibliographical references (p. 212). |
| 650 #0 - SUBJECT ADDED ENTRY--TOPICAL TERM |
| Topical term or geographic name as entry element |
Fortification |
| Geographic subdivision |
India |
| -- |
Nagaur. |
| 650 #0 - SUBJECT ADDED ENTRY--TOPICAL TERM |
| Topical term or geographic name as entry element |
Palaces |
| Geographic subdivision |
India |
| -- |
Nagaur |
| Form subdivision |
Designs and plans. |
| 651 #0 - SUBJECT ADDED ENTRY--GEOGRAPHIC NAME |
| Geographic name |
Nāgaura Kilā (Nagaur, India) |
| 651 #0 - SUBJECT ADDED ENTRY--GEOGRAPHIC NAME |
| Geographic name |
Nāgaur (India) |
| Form subdivision |
Antiquities. |
| 651 #0 - SUBJECT ADDED ENTRY--GEOGRAPHIC NAME |
| Geographic name |
Nāgaura Kilā (Nagaur, India) |
| Form subdivision |
Pictorial works. |
| 700 1# - ADDED ENTRY--PERSONAL NAME |
| Personal name |
Jain, Kulbhushan. |
| 700 1# - ADDED ENTRY--PERSONAL NAME |
| Personal name |
Arya, Meghal. |
| 710 2# - ADDED ENTRY--CORPORATE NAME |
| Corporate name or jurisdiction name as entry element |
Art Architecture and Design India Centre. |
| 942 ## - ADDED ENTRY ELEMENTS (KOHA) |
| Source of classification or shelving scheme |
|